Games - Statistics

General Stats
  • This quiz has been taken 5 times
  • The average score is 2 of 7
Answer Stats
How much people play Games % Correct
141 million Minecraft
100%
22 million Roblox
75%
50 thousand Geometry Dash
25%
500 million Geometry Dash Lite
0%
50 thousand Meltdown (Geometry Dash)
0%
10 million SubZero (Geometry Dash)
0%
10 million World (Geometry Dash)
0%
No matching quizzes found
Score Distribution
Percent of People with Each Score
Percentile by Number Answered
Your Score History
You have not taken this quiz